[Event "K41 Forars EMT Basis 2 2009"]
[Site "Valby"]
[Date "2009.03.17"]
[Round "1"]
[White "Gjelstrup, Ole"]
[Black "Knudsen, Martin Mosgaard"]
[Result "1/2-1/2"]
[WhiteElo "1347"]
[BlackElo "1200"]
[PlyCount "65"]
[EventDate "2009.??.??"]

1. d4 d5 2. Nf3 Nf6 3. b3 Bf5 4. e3 a6 5. Bd3 Ne4 6. Bb2 e6 7. O-O Bd6 8. c4 c6
9. Qc2 O-O 10. Nc3 Ng5 11. Ne5 Nh3+ 12. Kh1 Bxd3 13. Qxd3 Ng5 14. f4 f6 15. Ng4
f5 16. Ne5 Ne4 17. Qe2 Rf6 18. g4 Rh6 19. Nxe4 fxe4 20. g5 Rh4 21. Qg2 Qe8 22.
Ng4 Nd7 23. Rg1 Nf8 24. Raf1 Qh5 25. Ne5 Ng6 26. Qf2 Rf8 27. Rg2 Rh3 28. Rg3
Rxg3 29. Qxg3 Qe2 30. Qf2 Qxf2 31. Rxf2 Nxe5 32. dxe5 Bc5 33. Bc1 1/2-1/2

[Event "K41 Forars EMT Basis 2 2009"]
[Site "Valby"]
[Date "2009.03.17"]
[Round "1"]
[White "Holbech, Simon"]
[Black "Hou, Mads"]
[Result "1-0"]
[WhiteElo "1200"]
[BlackElo "1383"]
[PlyCount "27"]
[EventDate "2009.??.??"]

1. e4 f5 2. d3 fxe4 3. dxe4 e5 4. Qh5+ Ke7 5. Qxe5+ Kf7 6. Bc4+ d5 7. Bxd5+ Kg6
8. Qg3+ Kh5 9. Ne2 Bb4+ 10. c3 Bd6 11. e5 Be7 12. Nf4+ Kh6 13. Ne6+ Kh5 14.
Bf3# 1-0

[Event "K41 Forars EMT Basis 2 2009"]
[Site "Valby"]
[Date "2009.03.17"]
[Round "1"]
[White "Jorgensen, Orla Eilegaard"]
[Black "Wadtland, Flemming"]
[Result "0-1"]
[WhiteElo "1404"]
[BlackElo "1215"]
[PlyCount "106"]
[EventDate "2009.??.??"]

1. e4 c6 2. d4 d5 3. e5 Bf5 4. f4 h5 5. Nf3 f6 6. c4 e6 7. Nc3 Ne7 8. cxd5 Nxd5
9. Bd3 Bb4 10. Qc2 Bxd3 11. Qxd3 f5 12. Ng5 Rh6 13. Bd2 Qa5 14. O-O Na6 15. a3
Bxc3 16. bxc3 Qc7 17. c4 Ne7 18. Qf3 Rd8 19. Bc3 Rd7 20. Rab1 b6 21. Rf2 Qc8
22. Rfb2 c5 23. d5 exd5 24. e6 Rd6 25. Bxg7 Rhxe6 26. Nxe6 Qxe6 27. Re2 Qf7 28.
Bh6 Nc7 29. Rbe1 Ne6 30. cxd5 Nxd5 31. Re5 Ndc7 32. Qb7 Kd7 33. Qxa7 Kc8 34.
Bg5 Qd7 35. Rxf5 Rd1 36. Rxd1 Qxd1+ 37. Kf2 Qc2+ 38. Ke3 Qxf5 39. Qa4 Nxg5 40.
fxg5 Qxg5+ 41. Kf2 b5 42. Qe4 c4 43. a4 Qc5+ 44. Ke2 b4 45. Qc2 b3 46. Qc3 Nd5
47. Qh8+ Kd7 48. Qh7+ Qe7+ 49. Qxe7+ Nxe7 50. Kd2 Kc6 51. h4 Nf5 52. a5 Kb5 53.
g4 hxg4 0-1

[Event "K41 Forars EMT Basis 2 2009"]
[Site "Valby"]
[Date "2009.03.17"]
[Round "1"]
[White "Krogh, Soren"]
[Black "Mollmann, Erik"]
[Result "0-1"]
[WhiteElo "1237"]
[BlackElo "1471"]
[PlyCount "52"]
[EventDate "2009.??.??"]

1. b3 d5 2. Bb2 Bf5 3. e3 e6 4. Nf3 Nf6 5. a4 Bd6 6. Na3 c6 7. c4 O-O 8. Rc1
Qe7 9. Nc2 Nbd7 10. Be2 Nc5 11. Ncd4 Nd3+ 12. Bxd3 Bxd3 13. Ng5 Ne4 14. Nxe4
dxe4 15. Qg4 f5 16. Qd1 Rae8 17. a5 e5 18. Ne2 Ba3 19. Bxa3 Qxa3 20. Ra1 Qd6
21. O-O f4 22. exf4 exf4 23. f3 exf3 24. Nc3 Bxf1 25. Kxf1 Qd3+ 26. Kg1 fxg2
0-1

[Event "K41 Forars EMT Basis 2 2009"]
[Site "Valby"]
[Date "2009.03.17"]
[Round "1"]
[White "Mikkelsen, Henning Peter"]
[Black "Christensen, Aage Niels"]
[Result "1/2-1/2"]
[WhiteElo "1337"]
[BlackElo "1501"]
[PlyCount "68"]
[EventDate "2009.??.??"]

1. c4 e5 2. Nc3 Nc6 3. Nf3 Nf6 4. d3 d5 5. cxd5 Nxd5 6. a3 Be7 7. g3 O-O 8. Bg2
Be6 9. O-O f5 10. e3 Kh8 11. Qc2 Bf6 12. Ne2 Qe7 13. e4 fxe4 14. dxe4 Nb6 15.
b4 Qf7 16. Ng5 Bxg5 17. Bxg5 h6 18. Be3 Nc4 19. Bc1 Rad8 20. f4 Qd7 21. f5 Nd4
22. Qa2 Nxe2+ 23. Qxe2 Qd4+ 24. Kh1 Bg8 25. Ra2 Qd3 26. Qf2 Rf6 27. Re2 Rfd6
28. g4 Qb3 29. Qh4 Rd1 30. f6 Rxf1+ 31. Bxf1 Qf3+ 32. Bg2 Rd1+ 33. Re1 Rxe1+
34. Qxe1 Qxf6 1/2-1/2

[Event "K41 Forars EMT Basis 2 2009"]
[Site "Valby"]
[Date "2009.03.17"]
[Round "1"]
[White "Nielsen, Soren Skovso"]
[Black "Meldal, Peter"]
[Result "1-0"]
[WhiteElo "1489"]
[BlackElo "1287"]
[PlyCount "91"]
[EventDate "2009.??.??"]

1. e4 e6 2. Nf3 d5 3. exd5 exd5 4. d4 c5 5. Bb5+ Nc6 6. O-O Bg4 7. Qe1+ Be7 8.
Ne5 Bd7 9. Nxd7 Qxd7 10. dxc5 Nf6 11. Nd2 O-O 12. b4 Rfe8 13. Qd1 a6 14. Bxc6
bxc6 15. Nf3 a5 16. c3 Ne4 17. Bb2 Qc7 18. Qc2 Rab8 19. a3 Qb7 20. Rab1 axb4
21. cxb4 Ra8 22. Nd4 Bf6 23. Nf5 Bxb2 24. Qxb2 Nf6 25. Nd6 Qd7 26. Nxe8 Rxe8
27. Rbe1 Rd8 28. f3 d4 29. Rf2 d3 30. Rd2 Qf5 31. Qe5 Qg6 32. Qc7 Ra8 33. Qxc6
Rb8 34. Qd6 Rf8 35. Rxd3 h5 36. Rde3 h4 37. h3 Qf5 38. c6 g5 39. Qe5 Qg6 40.
Qc5 Rc8 41. b5 Nh5 42. Re5 f6 43. Qd5+ Kh8 44. Re7 Nf4 45. Qf7 Qh6 46. Re8+ 1-0

[Event "K41 Forars EMT Basis 2 2009"]
[Site "Valby"]
[Date "2009.03.24"]
[Round "2"]
[White "Christensen, Aage Niels"]
[Black "Gjelstrup, Ole"]
[Result "0-1"]
[WhiteElo "1501"]
[BlackElo "1347"]
[PlyCount "104"]
[EventDate "2009.??.??"]

1. e4 e5 2. f4 Bc5 3. Nf3 d6 4. c3 Bg4 5. h3 Bxf3 6. Qxf3 Nd7 7. a4 a5 8. d3 c6
9. Nd2 Ngf6 10. Nb3 Ba7 11. d4 Qb6 12. Nd2 exd4 13. Nc4 Qc7 14. cxd4 O-O 15.
Be3 Rfe8 16. Bd3 Re7 17. Nd2 Rae8 18. Kf2 c5 19. dxc5 Nxc5 20. Bxc5 Qxc5+ 21.
Kg3 Qb4 22. Rhd1 Qxb2 23. Rab1 Qd4 24. Kh2 Qe3 25. Qxe3 Bxe3 26. Nc4 Bxf4+ 27.
g3 Be5 28. Nxa5 h5 29. Kg2 Rc8 30. Rxb7 Kf8 31. Rxe7 Kxe7 32. Nc4 Ke6 33. Nb6
Rc3 34. Bc4+ Ke7 35. Nd5+ Nxd5 36. Bxd5 Rxg3+ 37. Kf2 Rxh3 38. Rb1 Kf6 39. Rb7
h4 40. Rxf7+ Kg6 41. Rf5 Kh6 42. Bf7 g5 43. Be6 g4 44. Rf8 g3+ 45. Kg1 Rh2 46.
Rf5 h3 47. Rxe5 dxe5 48. a5 Rc2 49. Bxh3 Ra2 50. Bf1 Rxa5 51. Kg2 Ra3 52. Be2
Kg5 0-1

[Event "K41 Forars EMT Basis 2 2009"]
[Site "Valby"]
[Date "2009.03.24"]
[Round "2"]
[White "Hou, Mads"]
[Black "Krogh, Soren"]
[Result "1-0"]
[WhiteElo "1383"]
[BlackElo "1237"]
[PlyCount "109"]
[EventDate "2009.??.??"]

1. e4 g6 2. f4 Bg7 3. Nc3 d6 4. Nf3 c6 5. Bc4 h5 6. O-O Nh6 7. d3 O-O 8. Bd2
Bg4 9. h3 Bd7 10. Qc1 b5 11. Bb3 a5 12. a4 Kh7 13. Ng5+ Kh8 14. f5 Qe8 15. fxg6
fxg6 16. Rxf8+ Qxf8 17. Be6 Be8 18. Qf1 Bd4+ 19. Kh1 Qg7 20. Qf3 Be5 21. Rf1
Bf6 22. e5 dxe5 23. Nce4 Nf5 24. Bxf5 Bxg5 25. Nxg5 gxf5 26. Qxf5 Nd7 27. Ne6
Qg6 28. Nc7 Qxf5 29. Rxf5 Bg6 30. Rg5 Rc8 31. Bxa5 Kh7 32. h4 bxa4 33. g3 Rb8
34. Bc3 e4 35. dxe4 Bxe4+ 36. Kg1 Bg6 37. Ne6 a3 38. bxa3 Ra8 39. Bb4 c5 40.
Nxc5 Nxc5 41. Rxc5 Re8 42. Rc7 Be4 43. c3 Kg6 44. Rxe7 Rxe7 45. Bxe7 Kf5 46.
Kf2 Kg4 47. Bd6 Bc6 48. Ke3 Kf5 49. Kd4 Ke6 50. Kc5 Ba4 51. Bf4 Kf5 52. Kd5 Bd7
53. Kc5 Kg6 54. c4 Kf5 55. Kd6 1-0

[Event "K41 Forars EMT Basis 2 2009"]
[Site "Valby"]
[Date "2009.03.24"]
[Round "2"]
[White "Knudsen, Martin Mosgaard"]
[Black "Mikkelsen, Henning Peter"]
[Result "0-1"]
[WhiteElo "1200"]
[BlackElo "1337"]
[PlyCount "66"]
[EventDate "2009.??.??"]

1. e4 c5 2. Nf3 Nc6 3. d4 e6 4. Be2 Nf6 5. Bg5 h6 6. Bh4 cxd4 7. Nxd4 Be7 8.
Nc3 Ne5 9. O-O a6 10. f4 Ng6 11. Bg3 d6 12. Qd3 O-O 13. Kh1 e5 14. Nf5 b5 15.
Nh4 Bb7 16. Nxg6 fxg6 17. Bh4 exf4 18. Nd5 Nxd5 19. exd5 Bxh4 20. Qxg6 Bxd5 21.
Bd3 Qg5 22. Qh7+ Kf7 23. Bg6+ Qxg6 24. Rxf4+ Bf6 25. Rxf6+ Qxf6 26. Qd3 Bxg2+
27. Kg1 Kg8 28. Qg3 Be4 29. Rd1 d5 30. c3 Rf7 31. c4 bxc4 32. b4 Raf8 33. Qe1
Qf3 0-1

[Event "K41 Forars EMT Basis 2 2009"]
[Site "Valby"]
[Date "2009.03.24"]
[Round "2"]
[White "Meldal, Peter"]
[Black "Jorgensen, Orla Eilegaard"]
[Result "0-1"]
[WhiteElo "1287"]
[BlackElo "1404"]
[PlyCount "72"]
[EventDate "2009.??.??"]

1. e4 d6 2. Nf3 Nf6 3. Nc3 g6 4. d4 Bg4 5. h3 Bxf3 6. Qxf3 c6 7. Bd3 Bg7 8. O-O
Nbd7 9. Re1 e5 10. Be3 O-O 11. Ne2 Re8 12. c3 a5 13. Bg5 exd4 14. cxd4 Qb6 15.
Rab1 Nh5 16. Be3 Qc7 17. Rbc1 Qd8 18. Nc3 b5 19. Qe2 Nhf6 20. d5 cxd5 21. Nxb5
dxe4 22. Bb1 Nc5 23. Bxc5 dxc5 24. Rxc5 Re7 25. Rd1 Qb6 26. Rdc1 Rd8 27. Rc8
Red7 28. Rxd8+ Rxd8 29. a4 Bh6 30. Rc4 e3 31. fxe3 Bxe3+ 32. Kh1 Nh5 33. Qf3
Re8 34. Rc6 Bf4 35. Qc3 Qxc6 36. Qxc6 Re1# 0-1

[Event "K41 Forars EMT Basis 2 2009"]
[Site "Valby"]
[Date "2009.03.24"]
[Round "2"]
[White "Mollmann, Erik"]
[Black "Holbech, Simon"]
[Result "1-0"]
[WhiteElo "1471"]
[BlackElo "1200"]
[PlyCount "87"]
[EventDate "2009.??.??"]

1. d4 d5 2. Bf4 Bf5 3. c4 c6 4. Nc3 Nf6 5. e3 e6 6. c5 Be7 7. Nf3 Nbd7 8. Nh4
Bg4 9. Be2 Bxe2 10. Qxe2 Ne4 11. Nf3 Nxc3 12. bxc3 b6 13. cxb6 axb6 14. O-O O-O
15. Rfc1 b5 16. Nd2 Bg5 17. Bg3 f6 18. Bd6 Re8 19. f4 Bh6 20. a3 Nf8 21. Bc5
Ng6 22. g3 e5 23. dxe5 fxe5 24. f5 Ne7 25. Rf1 Bg5 26. h4 Bf6 27. Qh5 e4 28.
Bd4 Qd6 29. Rf4 Rf8 30. Nb3 Nxf5 31. Bc5 Nxg3 32. Qg4 Qd8 33. Bxf8 Qxf8 34.
Qxg3 Qd6 35. Qg4 Bxc3 36. Raf1 Re8 37. Qf5 Qg6+ 38. Qxg6 hxg6 39. Rc1 Be5 40.
Rg4 Re6 41. Na5 Bb2 42. Rxc6 Rxc6 43. Nxc6 Bxa3 44. Rg5 1-0

[Event "K41 Forars EMT Basis 2 2009"]
[Site "Valby"]
[Date "2009.03.24"]
[Round "2"]
[White "Wadtland, Flemming"]
[Black "Nielsen, Soren Skovso"]
[Result "1-0"]
[WhiteElo "1215"]
[BlackElo "1489"]
[PlyCount "101"]
[EventDate "2009.??.??"]

1. Nf3 d5 2. d4 Nc6 3. e3 e6 4. c4 Nf6 5. Nbd2 Be7 6. a3 O-O 7. Bd3 Re8 8. Qc2
h6 9. c5 Nd7 10. b4 e5 11. dxe5 Ncxe5 12. Bf5 Bf6 13. Rb1 c6 14. O-O Nxf3+ 15.
Nxf3 Ne5 16. Bh7+ Kh8 17. Nxe5 Bxe5 18. Bd3 Qc7 19. f4 Bf6 20. e4 dxe4 21. Bxe4
Bd4+ 22. Kh1 Qe7 23. Bd3 Qf6 24. Bd2 Be6 25. Rf3 Bd5 26. Rg3 Re7 27. Re1 Rxe1+
28. Bxe1 Qxf4 29. Bc3 Qe5 30. Bxd4 Qe1+ 31. Bg1 Re8 32. Qf2 Qc1 33. Re3 Be6 34.
Bf5 Rd8 35. Re1 Qxa3 36. Bxe6 Qxb4 37. Bxf7 a5 38. Re8+ Rxe8 39. Bxe8 Qe4 40.
Qe3 Qc2 41. Bh5 a4 42. Qe2 Qb1 43. h3 a3 44. Kh2 a2 45. Bd4 Qf5 46. Qe8+ Kh7
47. Bg4 Qf4+ 48. g3 Qxd4 49. Bf5+ g6 50. Qxg6+ Kh8 51. Qh7# 1-0

[Event "K41 Forars EMT Basis 2 2009"]
[Site "Valby"]
[Date "2009.03.31"]
[Round "3"]
[White "Gjelstrup, Ole"]
[Black "Mikkelsen, Henning Peter"]
[Result "1-0"]
[WhiteElo "1347"]
[BlackElo "1337"]
[PlyCount "131"]
[EventDate "2009.??.??"]

1. e4 c5 2. d4 cxd4 3. c3 dxc3 4. Nxc3 g6 5. Bg5 Bg7 6. Qd2 h6 7. Be3 Nf6 8.
Nf3 Nc6 9. Bc4 e6 10. O-O Ng4 11. Bc5 h5 12. Nb5 d5 13. Nd6+ Kd7 14. exd5 exd5
15. Qxd5 Ne7 16. Bb5+ Kc7 17. Ne8+ Rxe8 18. Bd6+ Qxd6 19. Qxd6+ Kxd6 20. Rad1+
Nd5 21. Bxe8 Be6 22. Ba4 Ke7 23. Rfe1 Kf6 24. Bb3 Nf4 25. Re4 g5 26. Bc2 Rc8
27. Bb1 b5 28. h3 Nh6 29. h4 Nh3+ 30. gxh3 g4 31. Ng5 gxh3 32. Nxe6 fxe6 33.
Rde1 Rc6 34. Re5 Nf5 35. Rxb5 Nxh4 36. Be4 Rc4 37. Rxh5 Ng2 38. Bxg2 hxg2 39.
Kxg2 Rg4+ 40. Kf3 Rb4 41. b3 Kg6 42. Ra5 e5 43. Rxa7 Rf4+ 44. Kg3 Bf6 45. Re2
Bh4+ 46. Kg2 Rg4+ 47. Kh3 Rf4 48. Rxe5 Bxf2 49. Ra6+ Kf7 50. Rh5 Bd4 51. Rh7+
Kg8 52. Rd7 Bg7 53. Raa7 Bf8 54. Kg3 Rb4 55. Rdb7 Rxb7 56. Rxb7 Bd6+ 57. Kf3
Kf8 58. a4 Ke8 59. a5 Kd8 60. Ke4 Kc8 61. a6 Bc5 62. b4 Bg1 63. Rg7 Bb6 64. Kd5
Bc7 65. Kc6 Bd8 66. a7 1-0

[Event "K41 Forars EMT Basis 2 2009"]
[Site "Valby"]
[Date "2009.03.31"]
[Round "3"]
[White "Jorgensen, Orla Eilegaard"]
[Black "Holbech, Simon"]
[Result "0-1"]
[WhiteElo "1404"]
[BlackElo "1200"]
[PlyCount "78"]
[EventDate "2009.??.??"]

1. f4 d5 2. Nf3 c5 3. b3 Bf5 4. Bb2 Nc6 5. e3 Nf6 6. Bb5 a6 7. Bxc6+ bxc6 8.
Ne5 Qd6 9. Ba3 Nd7 10. d4 Nxe5 11. fxe5 Qg6 12. O-O Bxc2 13. Qd2 cxd4 14. exd4
e6 15. Bxf8 Rxf8 16. Rc1 Be4 17. Rxc6 Bxb1 18. Qc1 f6 19. Rxb1 fxe5 20. Rc7 Kd8
21. Rb2 Qd3 22. Rbc2 Qxd4+ 23. Kh1 Qf4 24. Rc8+ Ke7 25. R2c7+ Kf6 26. Qxf4+
exf4 27. Rxf8+ Rxf8 28. Ra7 Rc8 29. Kg1 Rc1+ 30. Kf2 Rc2+ 31. Kf3 Rxa2 32. Kxf4
g5+ 33. Ke3 Ra3 34. Kd4 Rxb3 35. Rxa6 Rb4+ 36. Kc3 Rh4 37. h3 g4 38. Ra4 Kg5
39. Kd3 gxh3 0-1

[Event "K41 Forars EMT Basis 2 2009"]
[Site "Valby"]
[Date "2009.03.31"]
[Round "3"]
[White "Knudsen, Martin Mosgaard"]
[Black "Christensen, Aage Niels"]
[Result "0-1"]
[WhiteElo "1200"]
[BlackElo "1501"]
[PlyCount "88"]
[EventDate "2009.??.??"]

1. d4 Nf6 2. c4 g6 3. Nf3 Bg7 4. Nc3 d5 5. cxd5 Nxd5 6. e4 Nb6 7. Bg5 Bg4 8.
Be2 Bxf3 9. Bxf3 Qxd4 10. Qxd4 Bxd4 11. Nb5 Be5 12. Bh6 Nc6 13. Rd1 a6 14. Nc3
Nd4 15. Bg4 Nc6 16. O-O e6 17. f4 Bxc3 18. bxc3 Rd8 19. f5 e5 20. f6 Nc4 21.
Rxd8+ Nxd8 22. Rd1 Ne6 23. g3 Nd6 24. Bxe6 fxe6 25. Bg7 Rg8 26. Re1 Kf7 27. h4
Ne8 28. Rd1 Nxf6 29. Bxf6 Kxf6 30. Rd7 Rg7 31. Rxg7 Kxg7 32. g4 h6 33. Kf2 Kf6
34. Ke3 Ke7 35. Kd3 b5 36. a3 Kd6 37. Ke3 Kc5 38. Kd3 a5 39. h5 g5 40. a4 bxa4
41. c4 a3 42. Kc3 a2 43. Kb2 Kxc4 44. Kxa2 Kd4 0-1

[Event "K41 Forars EMT Basis 2 2009"]
[Site "Valby"]
[Date "2009.03.31"]
[Round "3"]
[White "Krogh, Soren"]
[Black "Meldal, Peter"]
[Result "0-1"]
[WhiteElo "1237"]
[BlackElo "1287"]
[PlyCount "106"]
[EventDate "2009.??.??"]

1. c4 c5 2. Nf3 Nc6 3. Nc3 e5 4. d3 Nf6 5. Bg5 Be7 6. g3 h6 7. Bd2 d6 8. Bg2
O-O 9. O-O Bd7 10. Rb1 Rc8 11. a3 a6 12. b4 b6 13. Re1 Bf5 14. b5 axb5 15. Nxb5
e4 16. Nh4 Bh7 17. Bf1 Nd7 18. Ng2 Nde5 19. Rb3 d5 20. dxe4 dxe4 21. Qc1 Nd4
22. Rc3 Qd7 23. Nf4 Bg5 24. Kh1 Bf5 25. a4 Rfd8 26. Nd5 Bxd2 27. Qxd2 Nxb5 28.
axb5 Nxc4 29. Rxc4 Qxd5 30. Qxd5 Rxd5 31. Ra4 c4 32. e3 c3 33. Rc1 Rd2 34. Kg1
c2 35. Ra6 Rd1 36. Raa1 Bg4 37. Kg2 Bf3+ 38. Kh3 Rd5 39. g4 h5 40. Ra6 hxg4+
41. Kg3 Rd6 42. Ra4 Rh6 43. Ra6 Bd1 44. Raa1 Rf6 45. Bg2 Bf3 46. Ra6 Rc5 47.
Bf1 Bd1 48. Ra4 Re5 49. Bc4 Ref5 50. f4 gxf3 51. Kf2 Rh6 52. Kg3 Rg5+ 53. Kf4
Rg1 0-1

[Event "K41 Forars EMT Basis 2 2009"]
[Site "Valby"]
[Date "2009.03.31"]
[Round "3"]
[White "Nielsen, Soren Skovso"]
[Black "Hou, Mads"]
[Result "1/2-1/2"]
[WhiteElo "1489"]
[BlackElo "1383"]
[PlyCount "65"]
[EventDate "2009.??.??"]

1. e4 c5 2. Nf3 Nc6 3. Nc3 d6 4. Be2 e5 5. d3 Be6 6. O-O h6 7. Ne1 Nf6 8. Bd2
Nd4 9. Qc1 b5 10. Bd1 Qd7 11. f4 Bg4 12. fxe5 dxe5 13. Nf3 Bd6 14. Nxd4 cxd4
15. Rxf6 gxf6 16. Nd5 Be7 17. Bxg4 Qxg4 18. Nc7+ Kf8 19. Nxa8 Qc8 20. Nb6 axb6
21. a3 h5 22. Qd1 Qg4 23. Qxg4 hxg4 24. Bb4 Bc5 25. Bd2 Ke7 26. b4 Bd6 27. g3
Rc8 28. Rc1 Ke6 29. c3 dxc3 30. Rxc3 Rxc3 31. Bxc3 f5 32. exf5+ Kxf5 33. Kf2
1/2-1/2

[Event "K41 Forars EMT Basis 2 2009"]
[Site "Valby"]
[Date "2009.04.21"]
[Round "4"]
[White "Holbech, Simon"]
[Black "Wadtland, Flemming"]
[Result "1/2-1/2"]
[WhiteElo "1200"]
[BlackElo "1215"]
[PlyCount "47"]
[EventDate "2009.??.??"]

1. d4 Nf6 2. c4 Nc6 3. Nf3 d6 4. Nc3 Bf5 5. Qa4 Qd7 6. e3 a5 7. Nh4 e6 8. Nxf5
exf5 9. a3 g6 10. g3 Bg7 11. Bh3 O-O 12. O-O Rfe8 13. Bg2 Re7 14. Nd5 Nxd5 15.
Bxd5 Nd8 16. Qc2 c6 17. Bg2 Rc8 18. Bd2 b6 19. Rab1 c5 20. d5 f6 21. Bh3 Nf7
22. f4 Nh6 23. Rfe1 Rce8 24. b4 1/2-1/2

[Event "K41 Forars EMT Basis 2 2009"]
[Site "Valby"]
[Date "2009.04.21"]
[Round "4"]
[White "Krogh, Soren"]
[Black "Jorgensen, Orla Eilegaard"]
[Result "0-1"]
[WhiteElo "1237"]
[BlackElo "1404"]
[PlyCount "76"]
[EventDate "2009.??.??"]

1. f4 d5 2. Nf3 c5 3. g3 Nf6 4. Bg2 Nc6 5. O-O e5 6. d3 exf4 7. Bxf4 Bd6 8. Qd2
O-O 9. Nc3 Bxf4 10. Qxf4 d4 11. Ne4 Nxe4 12. dxe4 b6 13. a4 Ba6 14. Rf2 Nb4 15.
Rc1 Na2 16. Rcf1 Nb4 17. Qd2 Qc7 18. Bh3 Bb7 19. Ng5 Qe7 20. e5 Bd5 21. c3 Nc6
22. cxd4 cxd4 23. Bf5 g6 24. Bh3 Nxe5 25. Rf6 h6 26. Qxd4 Rad8 27. Ne4 Bxe4 28.
Qxe4 Qc5+ 29. Kh1 Rd4 30. Qb1 Rd2 31. b4 Qd5+ 32. Bg2 Qc4 33. a5 Rfd8 34. axb6
axb6 35. b5 Ng4 36. Rc6 Qxe2 37. Qe4 Nf2+ 38. Rxf2 Qxf2 0-1

[Event "K41 Forars EMT Basis 2 2009"]
[Site "Valby"]
[Date "2009.04.21"]
[Round "4"]
[White "Meldal, Peter"]
[Black "Knudsen, Martin Mosgaard"]
[Result "0-1"]
[WhiteElo "1287"]
[BlackElo "1200"]
[PlyCount "107"]
[EventDate "2009.??.??"]

1. e4 c5 2. Nf3 Nc6 3. Bc4 e6 4. Nc3 d6 5. O-O Be7 6. Re1 Nf6 7. e5 dxe5 8.
Nxe5 Nd4 9. d3 a6 10. a4 Bd6 11. Bg5 h6 12. Bh4 Nf5 13. Bxf6 Qxf6 14. f4 Qh4
15. Qf3 Nd4 16. Qd1 Qxf4 17. Nf3 Nxf3+ 18. Qxf3 Qxh2+ 19. Kf2 Qh4+ 20. Kf1 O-O
21. Ne4 Qe7 22. c3 Bd7 23. Rad1 Bc6 24. Qe3 b5 25. axb5 axb5 26. Bb3 Rfd8 27.
Re2 Qh4 28. Nxd6 Rxd6 29. Qxc5 Rad8 30. Bc2 Qh2 31. Qe3 g6 32. d4 Kg7 33. Rf2
e5 34. Be4 Bd7 35. Qf3 f5 36. Bc2 Bc6 37. Qe3 Re8 38. Rfd2 exd4 39. Qf2 Rde6
40. cxd4 Qh1+ 41. Qg1 Re1+ 42. Rxe1 Rxe1+ 43. Kxe1 Qxg1+ 44. Ke2 Qxg2+ 45. Ke1
Qf3 46. Re2 Qg3+ 47. Kd2 Kf6 48. Bd3 Qf4+ 49. Kc3 Qd6 50. Re5 b4+ 51. Kc4 h5
52. Rc5 Bb7 53. d5 Ba6+ 54. Kd4 0-1

[Event "K41 Forars EMT Basis 2 2009"]
[Site "Valby"]
[Date "2009.04.21"]
[Round "4"]
[White "Mikkelsen, Henning Peter"]
[Black "Nielsen, Soren Skovso"]
[Result "1-0"]
[WhiteElo "1337"]
[BlackElo "1489"]
[PlyCount "105"]
[EventDate "2009.??.??"]

1. Nf3 c5 2. b3 Nc6 3. Bb2 e6 4. e3 Nf6 5. Be2 d6 6. O-O Be7 7. c4 O-O 8. Nc3
d5 9. d4 a6 10. Rc1 Bd7 11. cxd5 Nxd5 12. Ne4 cxd4 13. Nxd4 Nxd4 14. Bxd4 Bc6
15. Ng3 Nf6 16. Qc2 Rc8 17. Qb1 Qa5 18. f4 Ba3 19. Rcd1 Nd5 20. Qa1 f6 21. Kh1
Bb4 22. Bg4 f5 23. Bf3 Bc3 24. Bxc3 Qxc3 25. Qxc3 Nxc3 26. Rd6 Bxf3 27. gxf3
Rfe8 28. Rd7 Rb8 29. Nh5 Nd5 30. Rxg7+ Kh8 31. Rfg1 Rg8 32. e4 Rxg7 33. Nxg7
fxe4 34. Nxe6 e3 35. f5 Rc8 36. Nd4 Nf4 37. Re1 Rd8 38. Ne6 Nxe6 39. fxe6 Re8
40. Rxe3 Kg7 41. Kg2 Re7 42. Kg3 Kf6 43. Kf4 h5 44. h4 b6 45. Re5 Kg6 46. Ke4
Kf6 47. Rf5+ Kxe6 48. Re5+ Kd6 49. Rxe7 Kxe7 50. Ke5 Kf7 51. Kf5 Kg7 52. Kg5
Kf7 53. Kxh5 1-0

[Event "K41 Forars EMT Basis 2 2009"]
[Site "Valby"]
[Date "2009.04.21"]
[Round "4"]
[White "Mollmann, Erik"]
[Black "Gjelstrup, Ole"]
[Result "0-1"]
[WhiteElo "1471"]
[BlackElo "1347"]
[PlyCount "66"]
[EventDate "2009.??.??"]

1. d4 d5 2. Bf4 Nf6 3. e3 e6 4. Nd2 c5 5. c3 Nbd7 6. Ngf3 c4 7. Ne5 Nxe5 8.
dxe5 Nd7 9. Qg4 f5 10. Qh5+ g6 11. Qd1 Bg7 12. Nf3 Qa5 13. h4 b5 14. Be2 b4 15.
Qd4 bxc3 16. bxc3 Nc5 17. O-O Ne4 18. Rfc1 Bf8 19. Ng5 Bc5 20. Qd1 Nxc3 21. Qc2
Nxe2+ 22. Qxe2 Bd7 23. Rcb1 Bb6 24. Rb2 Rc8 25. g4 d4 26. gxf5 exf5 27. e6 Bb5
28. Nf7 d3 29. Nd6+ Ke7 30. Nxc8+ Rxc8 31. Qf3 Bc6 32. Qg3 Qd5 33. Be5 Qh1# 0-1

[Event "K41 Forars EMT Basis 2 2009"]
[Site "Valby"]
[Date "2009.04.28"]
[Round "5"]
[White "Gjelstrup, Ole"]
[Black "Holbech, Simon"]
[Result "1/2-1/2"]
[WhiteElo "1347"]
[BlackElo "1200"]
[PlyCount "85"]
[EventDate "2009.??.??"]

1. d4 d5 2. Nf3 Bf5 3. b3 Nf6 4. Nbd2 e6 5. Bb2 c5 6. e3 Be7 7. Bb5+ Nc6 8.
Bxc6+ bxc6 9. O-O Rb8 10. Ne5 Qc7 11. c4 O-O 12. f4 Nd7 13. g4 Nxe5 14. dxe5
Bd3 15. Rf2 dxc4 16. Nxc4 Be4 17. Qf1 Rbd8 18. Qh3 Rd7 19. f5 exf5 20. gxf5 f6
21. Qg4 Bd3 22. Rg2 Bd8 23. Rd1 Bxc4 24. Rxd7 Qxd7 25. bxc4 Qc7 26. e6 Re8 27.
Ba3 Re7 28. e4 Qa5 29. Qg3 Bc7 30. Qe3 Bb6 31. Rd2 g6 32. Qd3 Kf8 33. Bb2 gxf5
34. exf5 Rg7+ 35. Kf1 Bc7 36. Bxf6 Rg4 37. Qd7 Rf4+ 38. Rf2 Rxf2+ 39. Kxf2
Qxa2+ 40. Kf3 Qb3+ 41. Kf2 Qc2+ 42. Ke3 Qc1+ 43. Kf2 1/2-1/2

[Event "K41 Forars EMT Basis 2 2009"]
[Site "Valby"]
[Date "2009.04.28"]
[Round "5"]
[White "Hou, Mads"]
[Black "Meldal, Peter"]
[Result "1-0"]
[WhiteElo "1383"]
[BlackElo "1287"]
[PlyCount "111"]
[EventDate "2009.??.??"]

1. e4 e6 2. d4 d5 3. Nd2 c5 4. Ngf3 cxd4 5. Nxd4 Bc5 6. N4b3 Bb6 7. Bb5+ Nc6 8.
O-O a6 9. Bxc6+ bxc6 10. e5 Ne7 11. Qg4 Ng6 12. Nf3 O-O 13. h4 Bc7 14. Re1 f6
15. Bh6 f5 16. Qg3 Qd7 17. h5 gxh6 18. hxg6 hxg6 19. Qxg6+ Qg7 20. Qxg7+ Kxg7
21. g3 c5 22. Nxc5 Bb6 23. b4 a5 24. a3 f4 25. Nd4 Kg6 26. Ndxe6 Bxe6 27. Nxe6
Rf5 28. Nxf4+ Kg5 29. e6 Re8 30. e7 Bc7 31. Ne6+ Kf6 32. Nxc7 Rxe7 33. Rxe7
Kxe7 34. Re1+ Kd7 35. Nb5 axb4 36. axb4 h5 37. Nd4 Rg5 38. Kg2 h4 39. Kf3 h3
40. Rh1 Rh5 41. g4 Rh6 42. Kg3 Kd6 43. f4 Rh8 44. Rxh3 Rc8 45. Rh6+ Ke7 46. Rc6
Rb8 47. b5 Kd7 48. g5 Re8 49. Re6 Rc8 50. Rc6 Re8 51. Ne6 Rxe6 52. Rxe6 Kxe6
53. b6 Kd7 54. g6 Kc6 55. g7 Kxb6 56. g8=Q 1-0

[Event "K41 Forars EMT Basis 2 2009"]
[Site "Valby"]
[Date "2009.04.28"]
[Round "5"]
[White "Jorgensen, Orla Eilegaard"]
[Black "Knudsen, Martin Mosgaard"]
[Result "1-0"]
[WhiteElo "1404"]
[BlackElo "1200"]
[PlyCount "45"]
[EventDate "2009.??.??"]

1. e4 c5 2. f4 e5 3. Nf3 exf4 4. d4 Qc7 5. Nc3 cxd4 6. Nd5 Qd8 7. Bxf4 d6 8.
Qxd4 Nf6 9. Bc4 Nc6 10. Qd3 h6 11. O-O-O Be7 12. Nxe7 Nxe7 13. Bxd6 Be6 14.
Bxe6 fxe6 15. e5 Nfd5 16. Nd4 Qd7 17. Rhf1 Nf5 18. Nxf5 Rc8 19. Ne3 Ne7 20. Rf2
Qa4 21. Bxe7 Kxe7 22. Qd6+ Ke8 23. Qxe6# 1-0

[Event "K41 Forars EMT Basis 2 2009"]
[Site "Valby"]
[Date "2009.04.28"]
[Round "5"]
[White "Mikkelsen, Henning Peter"]
[Black "Mollmann, Erik"]
[Result "0-1"]
[WhiteElo "1337"]
[BlackElo "1471"]
[PlyCount "48"]
[EventDate "2009.??.??"]

1. Nf3 d5 2. b3 Bf5 3. Bb2 e6 4. e3 Nf6 5. Be2 Nbd7 6. O-O Bd6 7. d3 O-O 8.
Nbd2 e5 9. Rc1 Qe7 10. c4 e4 11. Nd4 Bg6 12. dxe4 dxe4 13. Nb5 Be5 14. Ba3 c5
15. Qc2 b6 16. Nc3 Rfe8 17. Bb2 Rad8 18. Rfd1 Bb8 19. Nf1 Ne5 20. Nd5 Nxd5 21.
cxd5 Nf3+ 22. Kh1 Qh4 23. gxf3 exf3 24. Bd3 Qh3 0-1

[Event "K41 Forars EMT Basis 2 2009"]
[Site "Valby"]
[Date "2009.04.28"]
[Round "5"]
[White "Wadtland, Flemming"]
[Black "Krogh, Soren"]
[Result "1/2-1/2"]
[WhiteElo "1215"]
[BlackElo "1237"]
[PlyCount "75"]
[EventDate "2009.??.??"]

1. f4 e5 2. fxe5 d6 3. exd6 Bxd6 4. Nf3 g5 5. g3 g4 6. Nh4 Ne7 7. Bg2 Ng6 8.
Nxg6 fxg6 9. Rf1 Nc6 10. Bxc6+ bxc6 11. d3 Be6 12. c3 Qe7 13. Qa4 Bd7 14. b4 h5
15. Qc2 h4 16. Bf4 hxg3 17. hxg3 Rh3 18. Qd2 Rb8 19. Bxd6 cxd6 20. Qf4 Rb5 21.
e4 Re5 22. Nd2 Be6 23. c4 g5 24. Qf2 Bd7 25. Qxa7 Qg7 26. d4 Re6 27. O-O-O Rxg3
28. Rf2 Rf6 29. Rdf1 Rxf2 30. Rxf2 Rg1+ 31. Kc2 g3 32. Rf3 g4 33. Rf4 g2 34. e5
dxe5 35. dxe5 Re1 36. Qb8+ Ke7 37. Qd6+ Ke8 38. Qb8+ 1/2-1/2